Enrique Díez-Canedo : (Record no. 62607)

MARC details
000 -LEADER
campo de control de longitud fija 01421nam a2200373 i 4500
001 - NÚMERO DE CONTROL
campo de control 62607
003 - IDENTIFICADOR DE NÚMERO DE CONTROL
campo de control ES-MaACL
005 - FECHA Y HORA DE LA ÚLTIMA TRANSACCIÓN
campo de control 20250502063013.0
007 - CAMPO FIJO DE DESCRIPCIÓN FÍSICA--INFORMACIÓN GENERAL
campo de control de longitud fija t|
008 - DATOS DE LONGITUD FIJA--INFORMACIÓN GENERAL
campo de control de longitud fija 031124s1984 sp f |||| |bspa d
017 ## - NÚMERO DE COPYRIGHT O DE DEPÓSITO LEGAL
Número de copyright o de depósito legal BA 353-1984
Agencia que asigna Oficina Depósito Legal Badajoz
020 ## - NÚMERO INTERNACIONAL ESTÁNDAR DEL LIBRO
Número Internacional Estándar del Libro 8450503426
040 ## - FUENTE DE CATALOGACIÓN
Centro/agencia transcriptor ES-MaACL
080 ## - NÚMERO DE LA CLASIFICACIÓN DECIMAL UNIVERSAL
Número de la Clasificación Decimal Universal 929 Díez-Canedo, Enrique
080 ## - NÚMERO DE LA CLASIFICACIÓN DECIMAL UNIVERSAL
Número de la Clasificación Decimal Universal 821.134.2 Díez-Canedo, Enrique 1.07
100 1# - ENTRADA PRINCIPAL--NOMBRE DE PERSONA
Nombre de persona Fernández Gutiérrez, José María,
9 (RLIN) 240172
Fechas asociadas al nombre 1942-
Término indicativo de función/relación Autor
245 10 - MENCIÓN DEL TÍTULO
Título Enrique Díez-Canedo :
Resto del título su tiempo y su obra /
Mención de responsabilidad, etc. José Mª Fernández Gutiérrez ; prólogo de José Mª Martínez Cachero.
260 ## - PUBLICACIÓN, DISTRIBUCIÓN, ETC.
Lugar de publicación, distribución, etc. [Badajoz :
Nombre del editor, distribuidor, etc. Departamento de Publicaciones de la Excma. Diputación,
Fecha de publicación, distribución, etc. 1984].
300 ## - DESCRIPCIÓN FÍSICA
Extensión 215 p.,
Otras características físicas 1 lám. ;
Dimensiones 24 cm.
490 1# - MENCIÓN DE SERIE
Mención de serie Colección "Rodríguez Moñino" ;
Designación de volumen o secuencia 1
500 ## - NOTA GENERAL
Nota general Índice.
504 ## - NOTA DE BIBLIOGRAFÍA, ETC.
Nota de bibliografía, etc. Bibliografía: p. 210-215.
600 14 - PUNTO DE ACCESO ADICIONAL DE MATERIA--NOMBRE DE PERSONA
Nombre de persona Díez-Canedo, Enrique,
Fechas asociadas al nombre 1879-1944
9 (RLIN) 44685
700 1# - ENTRADA AGREGADA--NOMBRE PERSONAL
Nombre de persona Martínez Cachero, José María
9 (RLIN) 77905
Término indicativo de función/relación Autor de introducción
830 00 - PUNTO DE ACCESO ADICIONAL DE SERIE-TÍTULO UNIFORME
Título uniforme Colección "Rodríguez Moñino" ;
Designación de volumen o secuencia 1
9 (RLIN) 179374
852 ## - LOCALIZACIÓN
Ubicación ES-MaACL
Número de control de estantería L-7590
Ubicación en estantería Depósito 2
852 ## - LOCALIZACIÓN
Ubicación ES-MaACL
Número de control de estantería L-7720
Ubicación en estantería Depósito 2
852 ## - LOCALIZACIÓN
Ubicación ES-MaACL
Número de control de estantería L-11871
Ubicación en estantería Depósito 2
852 ## - LOCALIZACIÓN
Ubicación ES-MaACL
Número de control de estantería N-9209
itemnumber 205159
Sublocalización o colección R.153161
Ubicación en estantería Depósito J
Donativo/Legado Donación: Editorial ?
Encuadernación Encuadernación rústica con solapas
942 ## - ELEMENTOS DE ENTRADA SECUNDARIOS (KOHA)
Tipo de ítem Koha Libro impreso
Holdings
Estatus retirado Estado de pérdida Estado de daño No para préstamo Biblioteca de origen Biblioteca actual Ubicación en estantería Fecha de adquisición Fuente de adquisición Total de préstamos Signatura topográfica completa Código de barras Visto por última vez Precio de reemplazo Tipo de ítem Koha Fuente del sistema de clasificación o colocación
        Biblioteca del Ateneo de Madrid Biblioteca del Ateneo de Madrid Depósito 2 17/01/2008     L-7590 1065634 23/02/2023 23/02/2023 Libro impreso  
        Biblioteca del Ateneo de Madrid Biblioteca del Ateneo de Madrid Depósito 2 17/01/2008     L-7720 1065635 23/02/2023 23/02/2023 Libro impreso  
        Biblioteca del Ateneo de Madrid Biblioteca del Ateneo de Madrid Depósito 2 17/01/2008     L-11871 1065636 23/02/2023 23/02/2023 Libro impreso  
        Biblioteca del Ateneo de Madrid Biblioteca del Ateneo de Madrid Depósito J 30/04/2025 Donación   N-9209 101229949 30/04/2025 30/04/2025 Libro impreso Clasificación decimal universal